APUSH Presidents Periods 1-9 (Presidents--Dates) - Statistics

General Stats
  • This quiz has been taken 9 times
  • The average score is 19 of 34
Answer Stats
Hint Answer % Correct
George Washington 1789-1797
80%
John Adams 1797-1801
80%
Thomas Jefferson 1801-1809
80%
Abraham Lincoln 1861-1865
80%
Calvin Coolidge 1923-1929
80%
Donald Trump 2017-2021
80%
James Madison 1809-1817
60%
James Monroe 1817-1825
60%
John Quincy Adams 1825-1829
60%
Andrew Jackson 1829-1837
60%
James K. Polk 1845-1849
60%
Andrew Johnson 1865-1869
60%
Ulysses S. Grant 1869-1877
60%
Rutherford B. Hayes 1877-1881
60%
William McKinley 1897-1901
60%
Woodrow Wilson 1913-1921
60%
Warren G. Harding 1921-1923
60%
Herbert Hoover 1929-1933
60%
Franklin D. Roosevelt 1933-1945
60%
Jimmy Carter 1977-1981
60%
Ronald Reagan 1981-1989
60%
George H.W. Bush 1989-1993
60%
Bill Clinton 1993-2001
60%
George W. Bush 2001-2009
60%
Barack Obama 2009-2017
60%
Theodore Roosevelt 1901-1909
40%
William Howard Taft 1909-1913
40%
Harry S. Truman 1945-1953
40%
Dwight Eisenhower 1953-1961
40%
John F. Kennedy 1961-1963
40%
Lyndon B. Johnson 1963-1969
40%
Richard Nixon 1969-1974
40%
Gerald Ford 1974-1977
40%
Joe Biden 2021-Currently in Office
0%
No matching quizzes found
Score Distribution
Percent of People with Each Score
Percentile by Number Answered
Your Score History
You have not taken this quiz